000 00277nam a2200109Ia 4500
001 1264689
005 20260417141945.0
008 260417s9999 xx 000 0 und d
020 _a9789752970687
245 0 _aDövüşen Anlatsın
_cAhmet Telli
260 _bEverest Yayınları
999 _c1264689
_d1264689